00660nam a22002053a 450000100060000000300080000600500170001400800410003103500190007204000320009104100080012308200160013110000180014724501080016526000350027330000300030850400410033860000530037965000220043222028BD-RjUL20211209000746.0860101s1956 ii a b 000 0 eng d a(BD-RjUL)22093 aTEUcTEUdEQOdBD-RjULbeng aeng a891.51bIQL1 aIqbal, Afzal.14aThe life and thought of Mohammad Jalal-ud-din Rumi /cby Afzal Iqbal ; with a foreword by A.J. Arberry. aLahore :bBazm-i-Iqbal,c1956. a196 p. :bill. ;c24 cm. aIncludes bibliographical references.00aJalāl al-Dīn Rūmī,cMaulana,d1207-1273. 0aSufisvBiography.